000 00642nam a2200193Ia 4500
008 220216s9999 xx 000 0 und d
100 _aKrishnakumar R
245 0 _aEndogenous ethylene and oxidative stress in Hevea brasiliensis
260 _bIn: Tapping Panel Dryness of Rubber Trees (Eds.James Jacob; R Krishnakumar and N.M. Mathew) Rubber Research Institute of India, Kottayam, 2006, pp.116-124.
650 _aCyanide toxicity
650 _aEthylene-hypersinsity
650 _aMalondialdehyde
650 _aOxidative stress
650 _aTPD
700 _aJacob J
700 _aMathew R
700 _aSreelatha S
942 _cBS
999 _c50747
_d50747